Cẩm nang vợ chồng trẻ
v.v...
Đã lưu trong:
| Tác giả chính: | |
|---|---|
| Định dạng: | Sách |
| Năm xuất bản: |
H.
Thanh niên
1999
|
| Chủ đề: | |
| Tags: |
Thêm thẻ
Không có thẻ, Hãy là người đầu tiên gắn thẻ bản ghi này!
|
| LEADER | 00537nam a2200169 4500 | ||
|---|---|---|---|
| 082 | |a 646.782 |b L566V | ||
| 100 | |a Lưu Văn Hy | ||
| 245 | |a Cẩm nang vợ chồng trẻ |c Lưu Văn Hy | ||
| 260 | |a H. |b Thanh niên |c 1999 | ||
| 300 | |a 190tr. |c 21cm. | ||
| 520 | |a v.v... | ||
| 653 | |a Gia đình | ||
| 653 | |a Cẩm nang | ||
| 653 | |a Quan hệ vợ chồng | ||
| 942 | |2 ddc |c SH | ||
| 999 | |c 8154 |d 8154 | ||
| 952 | |0 0 |1 0 |2 ddc |4 0 |6 646_782000000000000_L566V |7 0 |8 600 |9 69243 |a qbu |b qbu |c D3 |d 2015-04-01 |g 17000 |o 646.782 L566V |p 8398.c1 |r 0000-00-00 |w 2015-04-01 |y SH | ||